000 00816nam a2200313Ia 4500
001 12389
005 20240113235355.0
007 ta
008 051019s1984 a g b000 u asm u
040 _aCotton College,Assam
041 _aasm
082 _a891.41
_bSa 21 As
082 _a891.41408
_bSa 21 As
100 _aSaikia, Nagen .
245 0 _aAssam Bandhu (1885-1886) /
_cNagen Saikia.
_hTextual Documents
250 _a1st ed. /
260 _aGuwahati :
_bAsam Prakashan Parishad ,
_c1984.
300 _a574p. :
_bill ;
_c20cm .
653 _aAssamese Essays-Collections
653 _aG-Assamese
653 _aAssamese Literature
653 _aT/G-Assamese
942 _2ddc
_cBK
999 _c12375
_d12375